00397nam a2200145Ia 4500003000400000005001700004008004100021020001800062040000900080082001700089100001700106245007100123260004800194300000900242OSt20200519124458.0190216s9999||||xx |||||||||||||| ||und|| a9780195644647 coclc a301.4bAZI/S aAhmad, Aziz  0aStudies In Islamic Culture In The Indian Environment /cAziz Ahmad bOxford University Press,c2002.aNew Delhi: a311p